00377nam a2200145Ia 45000010006000000050017000060080041000230410008000640820018000721000031000902450066001213000028001876500008002156540008002231471720260306164934.0260306t9999||||xx |||||||||||||| ||spa|| aESP a516.3076bC35 aCastro Zárate, JuaneAUT 0aSolucionario. Geometría analítica:bde: Charles H. Lemann a270 páginas :c20 cm. aGEN aCMA